|
|
|
|
| LEADER |
01803nam a2200313 a 4500 |
| 001 |
31682 |
| 003 |
BD-DhAAL |
| 005 |
20230124161035.0 |
| 008 |
170509r2021 bg ||||| |||| 00| 1 ben d |
| 020 |
|
|
|a 9848684948
|
| 020 |
|
|
|a 9789845027717
|
| 040 |
|
|
|a BD-DhAAL
|c BD-DhAAL
|
| 041 |
|
|
|a ben
|
| 082 |
|
|
|2 23
|a 891.44371
|
| 100 |
|
|
|a আহমেদ, হুমায়ুন
|9 21517
|
| 245 |
|
|
|a মধ্যাহ্ন,
|n অখন্ড /
|c হুমায়ূন আহমেদ
|
| 260 |
|
|
|a ঢাকা :
|b অন্যপ্রকাশ,
|c ২০০৮
|
| 300 |
|
|
|a ৪০৮ পৃষ্ঠা :
|b চিত্র ;
|c ২২ সে.মি.
|
| 526 |
|
|
|a AAL
GenEd (Residential Campus)
|
| 541 |
|
|
|a Development Book Agency
|e 31682, 40702, 40703
|
| 650 |
|
|
|a Bengali fiction
|z Bangladesh
|9 21518
|
| 650 |
|
|
|a Bengali Literature.
|
| 852 |
|
|
|a Ayesha Abed Library
|c General Stacks
|
| 942 |
|
|
|2 ddc
|c BK
|
| 999 |
|
|
|c 38048
|d 38048
|
| 952 |
|
|
|0 0
|1 0
|2 ddc
|4 0
|6 891_443710000000000_AHM
|7 0
|8 FIC
|9 60191
|a BRACUL
|b BRACUL
|c GEN
|d 2017-04-13
|e Paragon Enterprises
|g 528.00
|l 27
|m 304
|o 891.44371 AHM
|p 3010031683
|q 2026-05-20
|r 2026-04-12
|s 2026-04-12
|t 2
|v 528.00
|w 2017-04-13
|y BK
|
| 952 |
|
|
|0 0
|1 0
|2 ddc
|4 0
|6 891_443710000000000_AHM
|7 0
|8 FIC
|9 60192
|a BRACUL
|b BRACUL
|c GEN
|d 2017-04-13
|e Paragon Enterprises
|g 528.00
|l 25
|m 263
|o 891.44371 AHM
|p 3010031682
|q 2026-06-02
|r 2026-02-22
|s 2026-02-22
|t 1
|v 528.00
|w 2017-04-13
|y BK
|
| 952 |
|
|
|0 0
|1 0
|2 ddc
|4 0
|6 891_443710000000000_AHM
|7 0
|9 72794
|a SCL
|b SCL
|c GEN
|d 2023-01-06
|e Development Book Agency
|g 616.00
|l 9
|m 15
|o 891.44371 AHM
|p 3020040703
|r 2026-04-19
|s 2026-04-15
|t 4
|v 616.00
|w 2023-01-06
|y BK
|
| 952 |
|
|
|0 0
|1 0
|2 ddc
|4 0
|6 891_443710000000000_AHM
|7 0
|9 72795
|a SCL
|b SCL
|c GEN
|d 2023-01-06
|e Development Book Agency
|g 616.00
|l 10
|m 17
|o 891.44371 AHM
|p 3020040702
|r 2026-02-03
|s 2026-02-01
|t 3
|v 616.00
|w 2023-01-06
|y BK
|